Derecho, poder y dominio

Wedi'i Gadw mewn:
Manylion Llyfryddiaeth
Prif Awdur: La Torre, Massimo (Awdur)
Fformat: Llyfr
Iaith:Sbaeneg
Cyhoeddwyd: Ciudad de México Fontamara 1998
Cyfres:Colección Biblioteca de Etica, Filosofía del Derecho y Política, 66
Pynciau:
Tagiau: Ychwanegu Tag
Dim Tagiau, Byddwch y cyntaf i dagio'r cofnod hwn!

MARC

LEADER 00000nam a2200000 a 4500
001 UCQ3993
003 CL-VaPUC
008 980829e19980000MX |||||||||||||||||spa|d
082 0 4 |a 340.11  |b LAT  |2 21 
100 0 |a La Torre, Massimo  |e author  |9 418202 
245 1 0 |a Derecho, poder y dominio 
300 |a 106 p 
942 |c BK 
945 |d 19980829 00:00:00  |a aarredon 
260 |a Ciudad de México  |b Fontamara  |c 1998 
650 7 |a DERECHO  |2 CL-VaPUC  |9 418203 
650 7 |a PODER  |2 CL-VaPUC  |9 418204 
650 7 |a DOMINIO  |2 CL-VaPUC  |9 258676 
650 0 |a Estado de derecho  |9 257795 
650 0 |a Constitucionalismo  |9 341373 
650 0 |a Poder político  |9 255509 
650 0 |a Filosofía del derecho   |9 255050 
583 |a last modification  |c 19980829 00:00:00  |k Rodrigo Vera 
490 0 |a Colección Biblioteca de Etica, Filosofía del Derecho y Política, 66 
999 |c 274498  |d 274496 
952 |0 0  |1 0  |4 0  |6 340_110000000000000_LAT_1998  |7 0  |8 DER_TF  |9 310680  |a BIBDER  |b BIBDER  |d 2019-11-20  |i 3458830  |o 340.11 LAT 1998  |p 3458830  |r 2023-01-25  |w 2019-11-20  |x Ubicación 4to Piso  |y BK  |z Estos recursos deben solicitarse con anticipación  |k DER